Sporcle Speed-Picking VIII Quiz Stats

Quiz Updated Aug 30, 2016

Challenge
Share
Tweet
Embed
Score 0/50 Timer 02:00
11 Plays Today
% Correct
London
87.5%
Donkey
86.5%
Cher
85.2%
Fiona
85%
Beijing
83.4%
Prince
83.1%
Athens
82.6%
Los Angeles
82.1%
Sting
81.8%
Puss in Boots
80.9%
The Golden Girls
80.3%
Madonna
80.1%
Kesha
78.5%
The Facts of Life
75.4%
Paris
75%
Growing Pains
73.5%
Lord Farquaad
72.6%
Matthew
68.3%
Superman
65.9%
Canberra
65.8%
Revelation
65.8%
Wonder Woman
65.5%
Batman
64.4%
Acts
63.9%
The Flash
63.7%
% Correct
Family Ties
63%
Bosom Buddies
61.8%
Wellington
60.8%
Galatians
59%
To Kill a Mockingbird
56.9%
The Old Man and the Sea
55.9%
The Grapes of Wrath
55.6%
Hawkman
54.6%
Rumpelstiltskin
54.4%
Henry
51%
Edward
50.7%
George
50.3%
Elizabeth
49.4%
All the King's Men
48.9%
Mary
47.2%
Majuro
40.7%
Apia
39.5%
Palikir
36.4%
Bulbasaur
35.8%
Philemon
33.1%
Totodile
29.5%
Piplup
27.6%
Torchic
23.4%
Snivy
22.2%
Independence Day
20.2%

You're not logged in!

Compare scores with friends on all Sporcle quizzes.
Join for Free
OR
Log In

You Might Also Like...

Show Comments

Extras

Top Quizzes Today


Score Distribution

Your Account Isn't Verified!

In order to create a playlist on Sporcle, you need to verify the email address you used during registration. Go to your Sporcle Settings to finish the process.

Report this User

Report this user for behavior that violates our Community Guidelines.

Details: